• 首页
  • 本馆介绍
  • 公告通知
  • 最新文献
  • 馆藏检索
  • 电子资源
  • 读者导购
  • 参考咨询
  • 我的图书馆
  • 登录
  • 详细信息显示
  • 放入我的书架
  • 预约/预借图书
  • 作者相关作品
  • 分类相关作品
  • 丛书相关作品
  • 出版社相关作品

书目信息

  • 表格格式
  • 工作单格式
  • 卡片格式
题名:
画外知音
    
 
作者: 李刚 著
分册:  
出版信息: 长春   东北师范大学出版社  2019.7
页数: 239页
开本: 24cm
丛书名:
单 册:
中图分类: J617.6
科图分类:
主题词: 电影音乐--研究--中国
电子资源:
ISBN: 978-7-5681-5942-5
000 01484nam0 2200301 45
001 012001001248
005 20130911082659.0
010    @a978-7-5681-5942-5@dCNY69.00
099    @aCAL 012019144500
100    @a20191104d2019 em y0chiy0110 ea
101 0  @achi
102    @aCN@b220000
105    @ag a 000yy
106    @ar
200 1  @a画外知音@Ahua wai zhi yin@e音乐在电影艺术中的运用研究@f李刚著
210    @a长春@c东北师范大学出版社@d2019.7
215    @a239页@c乐谱@d24cm
300    @a戏曲进校园, 传承在身边-戏曲文化进地方高校课堂的研究与实践 项目编号: 2019XJJGZC23
300    @a其他题名:音乐在电影艺术中的运用研究
314    @a李刚, 毕业于四川音乐学院, 就职于广西省玉林市玉林师范学院, 任音乐舞蹈学院声乐教师。
320    @a有书目 (第235-239页)
330    @a电影是一门综合艺术, 亦是当今较为普遍的大众传播媒介之一。音乐是指影片中的非自然的音响, 其中包括配乐, 插曲, 主题歌、场景音乐等等, 用来补充画面感, 提供画面情绪的音乐。尽管音乐是抽象的, 但其凭借着其独特的影响力, 起到了很重要的辅助作用, 它更好的服务于电影的叙事性, 直接或间接的推动了电影情节的发展, 烘托了整体氛围, 给人一种更加强烈, 更加直观的感受体验。而本著着重从音乐在电影中的功用、审美价值以及音乐的创作手法、风格等方面入手, 并通过分析为电影作曲的音乐家的成功案例, 来阐释音乐在电影艺术中的表现。
517 1  @a音乐在电影艺术中的运用研究
606 0  @a电影音乐@x研究@y中国
690    @aJ617.6@v5
701  0 @a李刚@ALi Gang@4著
801    @aCN@b江苏凤凰@c20211018
905    @b1342765-8@dJ617.6@e1308@f4
    
    画外知音:音乐在电影艺术中的运用研究/李刚著.-长春:东北师范大学出版社,2019.7
    239页:乐谱;24cm
    戏曲进校园, 传承在身边-戏曲文化进地方高校课堂的研究与实践 项目编号: 2019XJJGZC23.-其他题名:音乐在电影艺术中的运用研究
    
    ISBN 978-7-5681-5942-5:CNY69.00
    电影是一门综合艺术, 亦是当今较为普遍的大众传播媒介之一。音乐是指影片中的非自然的音响, 其中包括配乐, 插曲, 主题歌、场景音乐等等, 用来补充画面感, 提供画面情绪的音乐。尽管音乐是抽象的, 但其凭借着其独特的影响力, 起到了很重要的辅助作用, 它更好的服务于电影的叙事性, 直接或间接的推动了电影情节的发展, 烘托了整体氛围, 给人一种更加强烈, 更加直观的感受体验。而本著着重从音乐在电影中的功用、审美价值以及音乐的创作手法、风格等方面入手, 并通过分析为电影作曲的音乐家的成功案例, 来阐释音乐在电影艺术中的表现。
●
相关链接 在E读中查询图书 在五车中查询图书 在当当中查询图书 在豆瓣中查询图书


正题名:画外知音     索取号:J617.6/1308         预约/预借

序号 登录号 条形码 馆藏地/架位号 状态 备注
1 1342765   213427656   第一样本阅览室/ [索取号:J617.6/1308] 在馆    
2 1342766   213427665   第一借阅区/ [索取号:J617.6/1308] 在馆    
3 1342767   213427674   第一借阅区/ [索取号:J617.6/1308] 在馆    
4 1342768   213427683   第一借阅区/ [索取号:J617.6/1308] 在馆    
唐山师范学院图书馆 欢迎您!
大连网信软件有限公司© 版权所有